1471 1066 1412 1210 1058 1323 1606 1132 1898 1055 1756 1819 1973 1929 1585 1082 1299 1402 1027 1542 1540 1994 1874 1356 1899 1267 1820 1753 1067 1442 1692 1708 1674 1702 1723 1787 1108 1408 1906 1753 1175 1459 1105 1787 1894 1825 1753 1575 1643 1127 1520 1628 1694 1610 1800 1403 1383 1969 1073 1662 1984 1552 1019 1163 1404 1027 1204 1553 1690 1498 1527 1464 1764 1399 1188 1805 1547 1908 1484 1228 1362 1813 1910 1465 1528 1090 1864 1965 1988 1465 1424 1346 1626 1538 1325 1998 1020 1253 1175 BCNSPRNW ULIB Ver.6.0+V

เปลี่ยนเป็นภาษาไทย

Change to English
 แสดงรายละเอียดบรรณานุกรม
  กลับหน้าหลัก

Brief Record : Get Marc (ISO 2709) : E-mail record : QR code < ปิดหน้าต่าง
LEADER : 00000nam 2200000uu 4500
001    13399124450
003     ULIB
008    150722s2557||||th 000 0 tha d
020    ^a9786162795220
060  4 ^aWY160^bว815ก
245 10 ^aการพยาบาลจิตเวชศาสตร์ :^bPsychiatric Nursing/^cบรรณาธิการ อัจฉราพร สี่หิรัญวงศ์ และคนอื่นๆ.
250    ^aพิมพ์ครั้งที่ 1.
260    ^aนครปฐม:^bสายธุรกิจโรงพิมพ์,^c2557.
300    ^a534 หน้า.:^bภาพประกอบ
505 0  ^a^tหน่วยที่ 1 แนวคิดพื้นฐานทางการพยาบาลสุขภาพจิตและจิตเวช--^tหน่วยที่ 2
650  7 ^aการพยาบาลจิตเวช.
700 0  ^aอัจฉราพร สี่หิรัญวงศ์ ^eบรรณาธิการ
700 0  ^aประภา ยุทธไตร ^eบรรณาธิการ
700 0  ^aพวงเพชร เกษรสมุทร^eบรรณาธิการ
700 0  ^aวารีรัตน์ ถาน้อย^eบรรณาธิการ
945    ^p300^l0^i039661
945    ^p300^l0^i039662
945    ^p300^l0^i039663
945    ^p300^l0^i039664
945    ^p300^l0^i039665
945    ^p300^l0^i039666
945    ^p300^l0^i039668
945    ^p300^l0^i039669
945    ^p300^l0^i039670
945    ^p300^l0^i039750
945    ^p300^l0^i039751
945    ^p300^l0^i039752
945    ^p300^l0^i039753
945    ^p300^l0^i039754
945    ^p300^l0^i039755
999    ^aเกษร โพธิ์สุวรรณ
รายการนี้ยังไม่มีแท็ก
คุณยังไม่ได้ล็อกอิน คุณสามารถมีกิจกรรมร่วมกับเว็บไซต์ได้ แต่ต้องล็อกอินก่อน ::
  ล็อกอิน

รายการสื่อสารสนเทศ

ลำดับที่ ประเภท เลขเรียก/บาร์โค้ด สถานที่ สถานะ
1. วิทยาศาสตร์การแพทย์ และสุขภาพ
หนังสือสำรอง
สถานะ=หนังสือสำรอง
WY160 ว815ก ฉ.1 
  Barcode: 039661
ห้องสมุดวิทยาเขตสวรรค์ประชารักษ์
►หนังสือทั่วไป
บนชั้น
2. Book การพยาบาล
Book การพยาบาล
WY160 ว815ก ฉ.10 
  Barcode: 039750
ห้องสมุดวิทยาเขตสวรรค์ประชารักษ์
►หนังสือทั่วไป
บนชั้น
3. Book การพยาบาล
Book การพยาบาล
WY160 ว815ก ฉ.11 
  Barcode: 039751
ห้องสมุดวิทยาเขตสวรรค์ประชารักษ์
►หนังสือทั่วไป
บนชั้น
4. Book การพยาบาล
Book การพยาบาล
WY160 ว815ก ฉ.12 
  Barcode: 039752
ห้องสมุดวิทยาเขตสวรรค์ประชารักษ์
►หนังสือทั่วไป
บนชั้น
5. Book การพยาบาล
Book การพยาบาล
WY160 ว815ก ฉ.13 
  Barcode: 039753
ห้องสมุดวิทยาเขตสวรรค์ประชารักษ์
►หนังสือทั่วไป
ถูกยืม กำหนดส่งวันที่ 12 มกราคม 2567
  จอง
6. Book การพยาบาล
Book การพยาบาล
WY160 ว815ก ฉ.14 
  Barcode: 039754
ห้องสมุดวิทยาเขตสวรรค์ประชารักษ์
►หนังสือทั่วไป
บนชั้น
7. Book การพยาบาล
Book การพยาบาล
WY160 ว815ก ฉ.15 
  Barcode: 039755
ห้องสมุดวิทยาเขตสวรรค์ประชารักษ์
►หนังสือทั่วไป
บนชั้น
8. วิทยาศาสตร์การแพทย์ และสุขภาพ
วิทยาศาสตร์การแพทย์ และสุขภาพ
WY160 ว815ก ฉ.2 
  Barcode: 039662
ห้องสมุดวิทยาเขตสวรรค์ประชารักษ์
►หนังสือทั่วไป
บนชั้น
9. วิทยาศาสตร์การแพทย์ และสุขภาพ
วิทยาศาสตร์การแพทย์ และสุขภาพ
WY160 ว815ก ฉ.3 
  Barcode: 039663
ห้องสมุดวิทยาเขตสวรรค์ประชารักษ์
►หนังสือทั่วไป
บนชั้น
10. วิทยาศาสตร์การแพทย์ และสุขภาพ
วิทยาศาสตร์การแพทย์ และสุขภาพ
WY160 ว815ก ฉ.4 
  Barcode: 039664
ห้องสมุดวิทยาเขตสวรรค์ประชารักษ์
►หนังสือทั่วไป
บนชั้น
11. วิทยาศาสตร์การแพทย์ และสุขภาพ
วิทยาศาสตร์การแพทย์ และสุขภาพ
WY160 ว815ก ฉ.5 
  Barcode: 039665
ห้องสมุดวิทยาเขตสวรรค์ประชารักษ์
►หนังสือทั่วไป
ถูกยืม กำหนดส่งวันที่ 7 มีนาคม 2565
  จอง
12. วิทยาศาสตร์การแพทย์ และสุขภาพ
วิทยาศาสตร์การแพทย์ และสุขภาพ
WY160 ว815ก ฉ.6 
  Barcode: 039666
ห้องสมุดวิทยาเขตสวรรค์ประชารักษ์
►หนังสือทั่วไป
บนชั้น
13. วิทยาศาสตร์การแพทย์ และสุขภาพ
วิทยาศาสตร์การแพทย์ และสุขภาพ
WY160 ว815ก ฉ.7 
  Barcode: 039668
ห้องสมุดวิทยาเขตสวรรค์ประชารักษ์
►หนังสือทั่วไป
บนชั้น
14. วิทยาศาสตร์การแพทย์ และสุขภาพ
วิทยาศาสตร์การแพทย์ และสุขภาพ
WY160 ว815ก ฉ.8 
  Barcode: 039669
ห้องสมุดวิทยาเขตสวรรค์ประชารักษ์
►หนังสือทั่วไป
ถูกยืม กำหนดส่งวันที่ 23 พฤศจิกายน 2561
  จอง
15. วิทยาศาสตร์การแพทย์ และสุขภาพ
วิทยาศาสตร์การแพทย์ และสุขภาพ
WY160 ว815ก ฉ.9 
  Barcode: 039670
ห้องสมุดวิทยาเขตสวรรค์ประชารักษ์
►ส่วนจัดเก็บหนังสือเก่า สปร
บนชั้น
  ขอยืม

รายการใกล้เคียง
    หัวเรื่อง [การพยาบาลจิตเวช.]

BibComment


ยังไม่เคยถูกคอมเมนท์

คอมเมนท์ทรัพยากรรายการนี้
  คอมเมนท์: การพยาบาลจิตเวชศ..


 Copyright 2026. Bcnsprnw @Library